Popular Pizza Toppings Quiz Stats

 Plays Quiz not verified by Sporcle

Support Sporcle.
Go Orange.
Score 0/10 Timer 02:00
1 Play Today
% Correct
Peppers
97.1%
Pepperoni
94.5%
Italian Sausage
81.1%
Onions
79.3%
Ham
78.4%
Mushrooms
76.9%
Tomatoes
67%
Black Olives
64.5%
Bacon
60.7%
Ground beef
49.9%

You're not logged in!

Compare scores with friends on all Sporcle quizzes.
OR
Log In

From the Vault

Match the Cereals

by 27packers

Now we're going to need some Saturday morning cartoons to seal the deal.
Remove Ads.
Support Sporcle.
Get the best of Sporcle when you Go Orange. This ad-free experience offers more features, more stats, and more fun while also helping to support Sporcle. Thank you for becoming a member.

Show Comments

Extras

Top Quizzes Today


Score Distribution

Your Account Isn't Verified!

In order to create a playlist on Sporcle, you need to verify the email address you used during registration. Go to your Sporcle Settings to finish the process.

Report this User

Report this user for behavior that violates our Community Guidelines.

Details: